000 00337nam a2200145Ia 4500
001 37942
008 211029s ii a g b000 u 465 u
082 _a822.33
100 _aRylands, A .
245 0 _aHamlet /
_cRylands, A.
_hTextual Documents
300 _bill ;
500 _aBook lost
653 _aEnglish Drama
942 _2ddc
_cBK
999 _c37918
_d37918